As Siyarul ḥathīth : / السير الحثيث (Record no. 29828)

MARC details
000 -LEADER
fixed length control field 00520nam a22001817a 4500
003 - CONTROL NUMBER IDENTIFIER
control field BDDh-ASL
005 - DATE AND TIME OF LATEST TRANSACTION
control field 20231015031056.0
008 - FIXED-LENGTH DATA ELEMENTS--GENERAL INFORMATION
fixed length control field 221222s1936 ii ||||| |||| 00| 0 a d
040 ## - CATALOGING SOURCE
Original cataloging agency BDDh-ASL
Transcribing agency BDDh-ASL
041 ## - LANGUAGE CODE
Language code of text/sound track or separate title ara
082 ## - DEWEY DECIMAL CLASSIFICATION NUMBER
Classification number 297
Item number SIA
100 1# - MAIN ENTRY--PERSONAL NAME
Personal name Siddiqi, Mohammad Zubair As
9 (RLIN) 6850
245 10 - TITLE STATEMENT
Title As Siyarul ḥathīth : / السير الحثيث
260 ## - PUBLICATION, DISTRIBUTION, ETC.
Place of publication, distribution, etc. Deccan :
Name of publisher, distributor, etc. Dairatul Marif al Usmania Press ,
Date of publication, distribution, etc. 1936/1358H.
300 ## - PHYSICAL DESCRIPTION
Extent 55 p. :
Dimensions 24 cm.
650 #0 - SUBJECT ADDED ENTRY--TOPICAL TERM
Topical term or geographic name entry element Hadith
9 (RLIN) 3956
942 ## - ADDED ENTRY ELEMENTS (KOHA)
Source of classification or shelving scheme Dewey Decimal Classification
Koha item type Books
Holdings
Withdrawn status Lost status Source of classification or shelving scheme Damaged status Not for loan Collection code Home library Current library Shelving location Date acquired Source of acquisition Serial Enumeration / chronology Total Checkouts Full call number Barcode Date last seen Copy number Price effective from Koha item type Public note
    Dewey Decimal Classification   Not For Loan Non-fiction Asiatic Society Library Asiatic Society Library General Stacks 12/22/2022 ASB Library Collection A-0098   297 SIA 118104 12/22/2022 C-1 12/22/2022 Books Y-1936

Powered by Koha